000 00407nam a2200169Ia 4500
001 27615
003 IN-NITTTR
005 20251114233344.0
008 251113s9999||||xx |||||||||||||| ||eng||
040 _beng
040 _cIN-NITTTR
041 _aeng
082 _a823 M348O
100 _aMarques, Gabriel Garcia
245 0 _aOne hundred years of solitude /
_cMarques, Gabriel Garcia
942 _2ddc
_cBK
999 _c30243
_d30243